| 000 | 01074cam a22003257a 4500 | ||
|---|---|---|---|
| 003 | CHAP | ||
| 005 | 20220329133350.0 | ||
| 008 | 971013s1992 r 00010 d | ||
| 010 | _a5511 | ||
| 011 | _a6483 | ||
| 035 | _a5703 | ||
| 040 | _cCHAP | ||
| 090 | _aTesis | ||
| 100 | 0 | 0 |
_aAceves Vega, Maria de Lourdes. _9539 |
| 245 | 0 | _aEstudios de conservación de blanco comercial de Pleurotus ostreatus | |
| 260 |
_aChapingo, Méx. : _bEl Autor, _c1992 |
||
| 300 |
_a87 h. _b: apénd. |
||
| 502 | _aTesis (Ing. Agroindustrial) -- UACH. Departamento de Ingeniería Agroindustrial | ||
| 590 |
_aALEPH _b10 _c20130110 _lUCH01 _h1216 |
||
| 590 |
_aBATCH-UPD _b10 _c20130110 _lUCH01 _h1146 |
||
| 590 |
_aBATCH-UPD _b10 _c20130410 _lUCH01 _h0731 |
||
| 590 |
_aBATCH-UPD _b10 _c20130914 _lUCH01 _h1921 |
||
| 590 |
_aCONVERSION _b10 _c20130109 _lUCH01 _h1304 |
||
| 650 | 1 | 4 |
_aPleurotus ostreatus. _989176 |
| 650 | 1 | 4 |
_aSemillas _xDeshidratación. _9103889 |
| 650 | 1 | 4 |
_aSetas _xDeshidratación. _9105373 |
| 901 | _aBK | ||
| 942 | _cTESIS | ||
| 949 |
_bBC _cTES _d-15294 _eTS1 _h24969 _i5703 _si |
||
| 999 |
_c5511 _d5511 |
||